[Event "25th North American Open"]
[Site "Las Vegas"]
[Date "2015.12.29"]
[Round "8"]
[White "Hong, Andrew"]
[Black "Niemann, Hans"]
[Result "1/2-1/2"]
[WhiteElo "2178"]
[BlackElo "2154"]
[PlyCount "78"]
[EventDate "2015.12.??"]
[EventType "swiss"]
[EventRounds "9"]
[EventCountry "USA"]
[Source "MonRoi"]

1. e4 e6 2. d4 d5 3. Nc3 Nf6 4. Bg5 dxe4 5. Nxe4 Be7 6. Bxf6 gxf6 7. Nf3 f5 8.
Nc3 a6 9. Bc4 b5 10. Bb3 c5 11. a4 b4 12. Ne2 Bb7 13. Ne5 Bf6 14. c3 bxc3 15.
bxc3 cxd4 16. cxd4 Bxe5 17. dxe5 Qa5+ 18. Qd2 Qxd2+ 19. Kxd2 Nd7 20. f4 Nc5 21.
Bc2 O-O-O+ 22. Ke3 Bxg2 23. Rhc1 Kd7 24. Bxf5 Nb3 25. Rd1+ Ke7 26. Rxd8 Rxd8
27. Ra3 Nc5 28. Bc2 a5 29. Rc3 Na6 30. Nd4 Ba8 31. Be4 Bxe4 32. Kxe4 Rd5 33.
Nb3 f5+ 34. exf6+ Kxf6 35. Rc6 Nb4 36. Rc5 Na2 37. Rxd5 Nc3+ 38. Kd4 Nxd5 39.
Nxa5 Nb6 1/2-1/2

[Event "25th North American Open"]
[Site "Las Vegas"]
[Date "2015.12.30"]
[Round "9"]
[White "Li, Ruifeng"]
[Black "Nakar, Eylon"]
[Result "1/2-1/2"]
[WhiteElo "2460"]
[BlackElo "2476"]
[PlyCount "33"]
[EventDate "2015.12.??"]
[EventType "swiss"]
[EventRounds "9"]
[EventCountry "USA"]
[Source "MonRoi"]

1. e4 e6 2. d4 d5 3. Nd2 c5 4. Ngf3 cxd4 5. exd5 Qxd5 6. Bc4 Qd6 7. O-O Nf6 8.
Nb3 Nc6 9. Nbxd4 Nxd4 10. Nxd4 a6 11. Re1 Qc7 12. Bb3 Be7 13. Qf3 O-O 14. Bf4
Bd6 15. Bxd6 Qxd6 16. Rad1 Qc7 17. c3 1/2-1/2

[Event "25th North American Open"]
[Site "Las Vegas"]
[Date "2015.12.30"]
[Round "9"]
[White "Xiong, Jeffery"]
[Black "Colas, Joshua"]
[Result "1/2-1/2"]
[WhiteElo "2575"]
[BlackElo "2245"]
[PlyCount "39"]
[EventDate "2015.12.??"]
[EventType "swiss"]
[EventRounds "9"]
[EventCountry "USA"]
[Source "MonRoi"]

1. e4 c5 2. Nf3 e6 3. g3 Nc6 4. Bg2 Nf6 5. Qe2 d5 6. exd5 Nxd5 7. O-O Be7 8.
Rd1 e5 9. c3 Bg4 10. h3 Bh5 11. d3 Qc7 12. Na3 Rd8 13. g4 Bg6 14. Nc4 f6 15.
Nh4 Bf7 16. Nf5 O-O 17. Be4 Rfe8 18. Qf3 Bf8 19. Kh1 Nf4 20. b3 1/2-1/2

[Event "25th North American Open"]
[Site "Las Vegas"]
[Date "2015.12.30"]
[Round "9"]
[White "Mikhalevski, Victor"]
[Black "Wheeler, Cameron"]
[Result "0-1"]
[WhiteElo "2535"]
[BlackElo "2369"]
[PlyCount "70"]
[EventDate "2015.12.??"]
[EventType "swiss"]
[EventRounds "9"]
[EventCountry "USA"]
[Source "MonRoi"]

1. Nf3 d5 2. g3 Nf6 3. Bg2 c6 4. O-O Bf5 5. c4 e6 6. cxd5 exd5 7. d3 Be7 8. Qb3
Qc8 9. Nc3 Nbd7 10. Qc2 Nc5 11. b4 Ne6 12. Rb1 O-O 13. Qb2 d4 14. Na4 Nd5 15.
b5 Rd8 16. bxc6 bxc6 17. Bd2 Qa6 18. Qc2 c5 19. Ne5 Rac8 20. a3 c4 21. Nxc4 Nc3
22. Nxc3 Rxc4 23. Rb7 dxc3 24. Be3 Bf6 25. Rxa7 Qd6 26. Ra5 Bg6 27. Rb1 Rcc8
28. h4 h5 29. Rb4 Rb8 30. Raa4 Rxb4 31. axb4 Rb8 32. Qb3 Bd4 33. Kh2 Bxe3 34.
fxe3 Qe5 35. e4 Nc5 0-1

[Event "25th North American Open"]
[Site "Las Vegas"]
[Date "2015.12.30"]
[Round "9"]
[White "Wang, Chen"]
[Black "Bodek, Michael"]
[Result "1-0"]
[WhiteElo "2530"]
[BlackElo "2410"]
[PlyCount "91"]
[EventDate "2015.12.??"]
[EventType "swiss"]
[EventRounds "9"]
[EventCountry "USA"]
[Source "MonRoi"]

1. d4 Nf6 2. Bg5 g6 3. Bxf6 exf6 4. e3 Bg7 5. g3 O-O 6. Bg2 Re8 7. Ne2 f5 8. c4
d6 9. O-O Nd7 10. Nbc3 h5 11. b4 Nf6 12. Nd5 Ne4 13. Qc2 h4 14. b5 hxg3 15.
hxg3 Bh6 16. Rab1 Be6 17. Ndf4 Rb8 18. Rfe1 Bd7 19. Nd5 Kg7 20. Rb2 Be6 21.
Ndf4 Bd7 22. Rbb1 Bg5 23. Qd3 Nf6 24. Bf3 Rh8 25. Kg2 Qe7 26. Nd5 Nxd5 27. Bxd5
Bf6 28. Rh1 Rxh1 29. Rxh1 c6 30. Bf3 a6 31. bxa6 bxa6 32. Nf4 Bg5 33. Qa3 Bxf4
34. exf4 c5 35. Qxa6 Bc8 36. Qa3 cxd4 37. Qd3 Qf6 38. Rb1 Rxb1 39. Qxb1 Ba6 40.
Bd5 Qd8 41. Qb2 Qf6 42. a4 g5 43. fxg5 Qe5 44. Qd2 Kg6 45. a5 Bc8 46. f4 1-0

[Event "25th North American Open"]
[Site "Las Vegas"]
[Date "2015.12.30"]
[Round "9"]
[White "Barbosa, Oliver"]
[Black "Song, Michael"]
[Result "1-0"]
[WhiteElo "2518"]
[BlackElo "2340"]
[PlyCount "107"]
[EventDate "2015.12.??"]
[EventType "swiss"]
[EventRounds "9"]
[EventCountry "USA"]
[Source "MonRoi"]

1. c4 Nf6 2. Nc3 g6 3. e4 d6 4. g3 Bg7 5. Bg2 c5 6. Nge2 Nc6 7. O-O O-O 8. h3
Ne8 9. f4 Nc7 10. d3 Ne6 11. Rb1 Ned4 12. b3 e6 13. Bb2 a6 14. Kh2 Rb8 15. Qd2
Qa5 16. Rbe1 b5 17. Nc1 Bd7 18. Rf2 Rbe8 19. Kh1 Kh8 20. Rd1 f5 21. exf5 gxf5
22. N3e2 Qc7 23. Nxd4 cxd4 24. cxb5 axb5 25. b4 e5 26. Re2 Qa7 27. a3 Bh6 28.
Ree1 Ne7 29. Nb3 Bg7 30. fxe5 dxe5 31. Nc5 f4 32. gxf4 exf4 33. Be4 Nf5 34. Qf2
Ng3+ 35. Kh2 Nxe4 36. dxe4 f3 37. Bxd4 Qc7+ 38. Qg3 Qxg3+ 39. Kxg3 Bxd4 40.
Rxd4 Rg8+ 41. Kxf3 Ref8+ 42. Ke3 Bxh3 43. Rd6 Bg4 44. Rg1 Rf3+ 45. Kd4 Rxa3 46.
e5 Ra2 47. Ne4 Bf5 48. Ng5 Bg6 49. e6 Re8 50. Rd7 Rxe6 51. Rxh7+ Kg8 52. Nxe6
Kxh7 53. Nf8+ Kg7 54. Nxg6 1-0

[Event "25th North American Open"]
[Site "Las Vegas"]
[Date "2015.12.30"]
[Round "9"]
[White "Kiewra, Keaton"]
[Black "Brown, Michael"]
[Result "0-1"]
[WhiteElo "2444"]
[BlackElo "2366"]
[PlyCount "76"]
[EventDate "2015.12.??"]
[EventType "swiss"]
[EventRounds "9"]
[EventCountry "USA"]
[Source "MonRoi"]

1. g3 Nf6 2. Bg2 d5 3. Nf3 Bf5 4. O-O e6 5. d3 h6 6. Nbd2 Be7 7. Qe1 O-O 8. e4
Bh7 9. e5 Nfd7 10. Qe2 c5 11. Re1 Nc6 12. Nf1 b5 13. h4 c4 14. d4 a5 15. Bf4 a4
16. a3 b4 17. c3 bxc3 18. bxc3 Rb8 19. N1h2 Rb3 20. Qe3 Na7 21. Bh3 Nb5 22.
Rac1 Kh8 23. Ng4 Nxa3 24. Kg2 h5 25. Ngh2 Nc2 26. Rxc2 Bxc2 27. Ng5 Bxg5 28.
Bxg5 Qa5 29. Bf6 Nxf6 30. exf6 Qd8 31. fxg7+ Kxg7 32. Qe5+ Qf6 33. Qxh5 Be4+
34. Kg1 Rh8 35. Qg4+ Qg6 36. Qf4 a3 37. Ng4 a2 38. Qe5+ f6 0-1

[Event "25th North American Open"]
[Site "Las Vegas"]
[Date "2015.12.30"]
[Round "9"]
[White "Matikozyan, Andranik"]
[Black "Wang, Jue"]
[Result "1/2-1/2"]
[WhiteElo "2427"]
[BlackElo "2364"]
[PlyCount "27"]
[EventDate "2015.12.??"]
[EventType "swiss"]
[EventRounds "9"]
[EventCountry "USA"]
[Source "MonRoi"]

1. e4 c5 2. Nf3 d6 3. Nc3 a6 4. d4 cxd4 5. Nxd4 Nf6 6. Bc4 e6 7. O-O b5 8. Bb3
Be7 9. Qf3 Qc7 10. Qg3 O-O 11. Bh6 Ne8 12. Rad1 Bd7 13. f4 Nc6 14. Nxc6 1/2-1/2

[Event "25th North American Open"]
[Site "Las Vegas"]
[Date "2015.12.30"]
[Round "9"]
[White "Shmelov, Denys"]
[Black "Kavutskiy, Konstantin"]
[Result "1/2-1/2"]
[WhiteElo "2420"]
[BlackElo "2360"]
[PlyCount "45"]
[EventDate "2015.12.??"]
[EventType "swiss"]
[EventRounds "9"]
[EventCountry "USA"]
[Source "MonRoi"]

1. d4 Nf6 2. c4 g6 3. Nc3 Bg7 4. e4 d6 5. Be2 O-O 6. Nf3 e5 7. O-O Na6 8. Be3
c6 9. d5 Ng4 10. Bg5 f6 11. Bh4 c5 12. Ne1 h5 13. Nd3 Nh6 14. f3 Nf7 15. a3 Bh6
16. Bf2 f5 17. b4 b6 18. Rb1 Bd7 19. Kh1 Kh8 20. Nb5 f4 21. Be1 g5 22. bxc5
Nxc5 23. Nxc5 1/2-1/2

[Event "25th North American Open"]
[Site "Las Vegas"]
[Date "2015.12.30"]
[Round "9"]
[White "Velikanov, Alexander"]
[Black "Checa, Nicolas"]
[Result "0-1"]
[WhiteElo "2324"]
[BlackElo "2419"]
[PlyCount "108"]
[EventDate "2015.12.??"]
[EventType "swiss"]
[EventRounds "9"]
[EventCountry "USA"]
[Source "MonRoi"]

1. e4 e6 2. d4 d5 3. Nc3 Bb4 4. e5 Ne7 5. Qg4 c5 6. dxc5 Nbc6 7. Bd2 O-O 8. Bd3
Bxc5 9. Nf3 Ng6 10. Qh5 Nb4 11. O-O Nxd3 12. cxd3 f6 13. d4 Be7 14. exf6 gxf6
15. Ne2 Kh8 16. Nf4 Qe8 17. Nd3 Bd7 18. Rfe1 Rc8 19. Bh6 Rg8 20. Re3 b6 21.
Rae1 a5 22. Nd2 Bd6 23. Nf1 Ne7 24. Qxe8 Rgxe8 25. Rxe6 Bxe6 26. Rxe6 Bc7 27.
Ne3 Ng8 28. Rxe8 Rxe8 29. Bf4 Bxf4 30. Nxf4 Ne7 31. Kf1 Rd8 32. Ke2 Kg8 33. Kd3
Kf7 34. Ne2 Ke6 35. Nf4+ Kd6 36. Nh5 Rf8 37. Nf4 b5 38. a3 Rf7 39. h4 Ng6 40.
Nf5+ Kc6 41. Ne6 Kd7 42. Nc5+ Kc6 43. Ne6 Ra7 44. g4 Ne7 45. Ne3 Nc8 46. b3 a4
47. b4 Nb6 48. f4 Nc4 49. Nxc4 dxc4+ 50. Ke4 Re7 51. d5+ Kd6 52. f5 h6 53. Kd4
Re8 54. Ke4 c3 0-1

[Event "25th North American Open"]
[Site "Las Vegas"]
[Date "2015.12.30"]
[Round "9"]
[White "Bryant, John"]
[Black "Williams, Justus"]
[Result "1-0"]
[WhiteElo "2409"]
[BlackElo "2310"]
[PlyCount "67"]
[EventDate "2015.12.??"]
[EventType "swiss"]
[EventRounds "9"]
[EventCountry "USA"]
[Source "MonRoi"]

1. e4 c5 2. c3 Nf6 3. e5 Nd5 4. Nf3 Nc6 5. Bc4 Nb6 6. Bb3 c4 7. Bc2 d6 8. exd6
Bg4 9. O-O e6 10. Re1 Bxd6 11. d4 O-O 12. Nbd2 Re8 13. Ne4 Be7 14. Ng3 Bd6 15.
h3 Bxg3 16. hxg4 Bd6 17. b3 cxb3 18. axb3 Bf8 19. Ng5 g6 20. Qf3 Qd7 21. Ne4
Bg7 22. Bh6 f5 23. Nc5 Qf7 24. Bxg7 Kxg7 25. b4 Nd7 26. Nxb7 Nde5 27. Rxe5 Nxe5
28. dxe5 Re7 29. Nd6 Qf8 30. gxf5 exf5 31. Qf4 Rb8 32. Qd4 Rb6 33. e6+ Kg8 34.
Bb3 1-0

[Event "25th North American Open"]
[Site "Las Vegas"]
[Date "2015.12.30"]
[Round "9"]
[White "Zhai, Mo"]
[Black "Vibbert, Sean"]
[Result "1/2-1/2"]
[WhiteElo "2391"]
[BlackElo "2313"]
[PlyCount "61"]
[EventDate "2015.12.??"]
[EventType "swiss"]
[EventRounds "9"]
[EventCountry "USA"]
[Source "MonRoi"]

1. d4 d5 2. c4 c6 3. cxd5 cxd5 4. Bf4 Nc6 5. e3 Nf6 6. Nc3 a6 7. Bd3 Bg4 8.
Nge2 e6 9. O-O Bxe2 10. Qxe2 Bd6 11. Bg5 h6 12. Bh4 Qc7 13. Bxf6 gxf6 14. f4 h5
15. Rac1 f5 16. a3 Qd8 17. Na4 Ne7 18. Nc5 Bxc5 19. Rxc5 Rc8 20. Qc2 Rxc5 21.
Qxc5 Nc8 22. Rc1 Nd6 23. a4 h4 24. b4 Ke7 25. b5 axb5 26. axb5 Qd7 27. Qb4 Rc8
28. Rxc8 Qxc8 29. Qc5 b6 30. Qxc8 Nxc8 31. Kf2 1/2-1/2

[Event "25th North American Open"]
[Site "Las Vegas"]
[Date "2015.12.30"]
[Round "9"]
[White "Taghizadeh, Rayan"]
[Black "Liang, Awonder"]
[Result "1/2-1/2"]
[WhiteElo "2259"]
[BlackElo "2383"]
[PlyCount "135"]
[EventDate "2015.12.??"]
[EventType "swiss"]
[EventRounds "9"]
[EventCountry "USA"]
[Source "MonRoi"]

1. e4 c5 2. Nf3 d6 3. d4 cxd4 4. Nxd4 Nf6 5. Nc3 a6 6. Be2 e5 7. Nb3 Be7 8. Bg5
Be6 9. Bxf6 Bxf6 10. Qd3 Be7 11. O-O-O Nd7 12. g3 b5 13. Nd5 Bxd5 14. Qxd5 O-O
15. Kb1 Qc7 16. Qd3 Nb6 17. Nd2 Rac8 18. Nf1 Qc5 19. Ne3 Bg5 20. Bg4 Rc7 21.
Rhe1 Bxe3 22. Rxe3 Nc4 23. Re2 a5 24. Qd5 b4 25. Qxc5 Rxc5 26. Ree1 Rd8 27. Rd3
Kf8 28. Red1 Ke7 29. Rd5 Rc6 30. Be2 Rdc8 31. Bxc4 Rxc4 32. Rxd6 Rxe4 33. R6d5
f6 34. Rxa5 Re2 35. Ra4 Rxf2 36. Rxb4 Rfxc2 37. a4 f5 38. Rb7+ R2c7 39. Rxc7+
Rxc7 40. Rc1 Ra7 41. b3 Kd6 42. Kc2 e4 43. Kd2 g5 44. Ke3 Kd5 45. Rc8 Rb7 46.
Rc3 Rf7 47. Rc8 f4+ 48. gxf4 gxf4+ 49. Kf2 e3+ 50. Kf3 Re7 51. Rc1 Kd4 52. a5
e2 53. Re1 Re3+ 54. Kf2 f3 55. a6 Rxb3 56. Ra1 Rd3 57. a7 Rd1 58. Ra4+ Kd3 59.
Re4 Ra1 60. Kxf3 Rf1+ 61. Kg2 Rf8 62. Re7 h5 63. h4 Kd2 64. Rd7+ Ke3 65. Re7+
Kd2 66. Rd7+ Ke3 67. Re7+ Kd2 68. Rd7+ 1/2-1/2

[Event "25th North American Open"]
[Site "Las Vegas"]
[Date "2015.12.30"]
[Round "9"]
[White "Lin, Dachey"]
[Black "Sipos, Istvan"]
[Result "0-1"]
[WhiteElo "2281"]
[BlackElo "2496"]
[PlyCount "95"]
[EventDate "2015.12.??"]
[EventType "swiss"]
[EventRounds "9"]
[EventCountry "USA"]
[Source "MonRoi"]

1. d4 Nf6 2. c4 e6 3. Nc3 Bb4 4. Qc2 b6 5. Bg5 Bb7 6. e3 c5 7. f3 h6 8. Bh4
cxd4 9. exd4 Nc6 10. Nge2 Rc8 11. a3 Bxc3+ 12. Qxc3 d5 13. Bxf6 Qxf6 14. cxd5
Ne7 15. Qd2 Nxd5 16. Nc3 Nxc3 17. bxc3 Qh4+ 18. Ke2 O-O 19. g3 Qh5 20. Bg2 Rc7
21. a4 Rfc8 22. Rhc1 Qxh2 23. Kf2 Qh5 24. a5 b5 25. a6 Bd5 26. Rab1 Rb8 27. Qf4
Rcc8 28. c4 e5 29. Qxe5 Qxe5 30. dxe5 Bxc4 31. f4 Rd8 32. Rd1 Rxd1 33. Rxd1 b4
34. Rd7 Rb6 35. Be4 g6 36. Rxa7 Rxa6 37. Rb7 Ra2+ 38. Ke3 Ra3+ 39. Kd4 Be6 40.
Rxb4 Rxg3 41. Bd5 Bxd5 42. Kxd5 Kg7 43. Ke4 g5 44. e6 fxe6 45. Rb7+ Kg6 46. Re7
Rg4 47. Rxe6+ Kg7 48. Re7+ 0-1

[Event "25th North American Open"]
[Site "Las Vegas"]
[Date "2015.12.30"]
[Round "9"]
[White "Sevillano, Enrico"]
[Black "Kretchetov, Alexandre"]
[Result "1/2-1/2"]
[WhiteElo "2470"]
[BlackElo "2325"]
[PlyCount "111"]
[EventDate "2015.12.??"]
[EventType "swiss"]
[EventRounds "9"]
[EventCountry "USA"]
[Source "MonRoi"]

1. e4 e5 2. Nf3 Nc6 3. Bb5 g6 4. Nc3 Bg7 5. a3 Nge7 6. O-O O-O 7. d3 h6 8. h3
d6 9. Bc4 Be6 10. Bxe6 fxe6 11. Nh2 Rf7 12. Ne2 Qd7 13. c3 d5 14. h4 Rd8 15.
Qc2 Kh8 16. Be3 d4 17. cxd4 Nxd4 18. Nxd4 exd4 19. Bd2 Rdf8 20. g3 e5 21. Kg2
Ng8 22. Rac1 c6 23. Qc5 Qe6 24. Qc2 Nf6 25. f3 Nd7 26. b4 Kh7 27. a4 Bf6 28.
Rb1 h5 29. Rf2 Rg8 30. Bg5 Qe7 31. Qd2 Rgf8 32. Rbf1 Bxg5 33. hxg5 c5 34. bxc5
Nxc5 35. f4 Qe6 36. Qe2 Qa6 37. Rf3 Kg8 38. Qd2 Qe6 39. Qf2 Qc6 40. Qd2 Qe6 41.
fxe5 Rxf3 42. Rxf3 Rxf3 43. Nxf3 Qb3 44. Qa5 b6 45. Qxa7 Qa2+ 46. Kf1 Qb1+ 47.
Ne1 Nxd3 48. Qb8+ Kf7 49. Qc7+ Ke8 50. Qc8+ Ke7 51. Qc7+ Ke8 52. Qc6+ Kd8 53.
Qd5+ Ke8 54. Qc6+ Kd8 55. Qd5+ Ke8 56. Qc6+ 1/2-1/2

[Event "25th North American Open"]
[Site "Las Vegas"]
[Date "2015.12.30"]
[Round "9"]
[White "Aldama, Dionisio"]
[Black "Rowe, Duane"]
[Result "1-0"]
[WhiteElo "2388"]
[BlackElo "2196"]
[PlyCount "83"]
[EventDate "2015.12.??"]
[EventType "swiss"]
[EventRounds "9"]
[EventCountry "USA"]
[Source "MonRoi"]

1. e4 c5 2. Nf3 e6 3. d4 cxd4 4. Nxd4 Bc5 5. Nb3 Bb6 6. Nc3 Ne7 7. a4 a6 8. Bg5
Nbc6 9. Bd3 O-O 10. O-O h6 11. Bh4 Ne5 12. Kh1 N5g6 13. Bg3 e5 14. Bc4 d6 15.
Qe2 Nc6 16. Nd5 Ba7 17. c3 Kh8 18. Rad1 Be6 19. f4 f5 20. fxe5 Ncxe5 21. exf5
Bxf5 22. Nf4 Qc7 23. Bd5 Rae8 24. Nd4 Nxf4 25. Bxf4 Bg4 26. Qd2 Bxd4 27. Qxd4
Bxd1 28. Rxd1 Qe7 29. h3 Rf6 30. Kh2 Ref8 31. Bg3 Qc7 32. Re1 Nc6 33. Qe4 Nd8
34. Re3 Qb6 35. b4 a5 36. Bb3 axb4 37. Bc2 g6 38. a5 Qc7 39. cxb4 Kh7 40. Bb3
Nc6 41. a6 Qb6 42. axb7 1-0

[Event "25th North American Open"]
[Site "Las Vegas"]
[Date "2015.12.30"]
[Round "9"]
[White "Niemann, Hans"]
[Black "Bykovtsev, Agata"]
[Result "1-0"]
[WhiteElo "2154"]
[BlackElo "2214"]
[PlyCount "83"]
[EventDate "2015.12.??"]
[EventType "swiss"]
[EventRounds "9"]
[EventCountry "USA"]
[Source "MonRoi"]

1. d4 Nf6 2. c4 g6 3. Nc3 Bg7 4. e4 d6 5. Nf3 O-O 6. Be2 e5 7. dxe5 dxe5 8.
Qxd8 Rxd8 9. Bg5 Re8 10. O-O-O Na6 11. Ne1 Nc5 12. f3 c6 13. Be3 Ne6 14. Nc2
Bf8 15. Rd2 c5 16. Nb5 a6 17. Nd6 Rd8 18. Nxc8 Rdxc8 19. g4 Nd4 20. Kb1 Rd8 21.
Bg5 Rd6 22. Ne3 Rc8 23. Nd5 Nxd5 24. cxd5 b5 25. Be3 Bg7 26. Rc1 f5 27. b3 Kf7
28. Bxd4 exd4 29. Rdc2 Re8 30. gxf5 gxf5 31. Rxc5 fxe4 32. fxe4 Rxe4 33. Rc7+
Kg8 34. Bh5 Bf6 35. Rg1+ Kh8 36. Rc8+ Bd8 37. Bf7 h6 38. Rg8+ Kh7 39. Rgxd8
Rxd8 40. Rxd8 Re2 41. d6 d3 42. Kc1 1-0

[Event "25th North American Open"]
[Site "Las Vegas"]
[Date "2015.12.30"]
[Round "9"]
[White "Zhou, Qiyu"]
[Black "Inapuri, Ramya"]
[Result "1/2-1/2"]
[WhiteElo "2286"]
[BlackElo "2131"]
[PlyCount "80"]
[EventDate "2015.12.??"]
[EventType "swiss"]
[EventRounds "9"]
[EventCountry "USA"]
[Source "MonRoi"]

1. e4 d5 2. exd5 Qxd5 3. Nc3 Qd6 4. d4 a6 5. Bc4 Nf6 6. Nge2 Qc6 7. Qd3 Qxg2 8.
Rg1 Qh3 9. Qxh3 Bxh3 10. Nf4 Bf5 11. Nfd5 Kd8 12. Bf4 Ne8 13. O-O-O Bg6 14. Bb3
e6 15. Ne3 Bd6 16. Bg3 Bxg3 17. hxg3 Nd6 18. Na4 Nd7 19. d5 e5 20. a3 b5 21.
Nc3 Ke7 22. Ne2 f6 23. f3 Bf7 24. Kd2 Nc5 25. Ba2 Na4 26. b3 Nb6 27. c4 bxc4
28. bxc4 Nd7 29. Nc1 Nb7 30. Nb3 Ndc5 31. Nxc5 Nxc5 32. Rb1 Bg6 33. Nc2 Bxc2
34. Kxc2 Rab8 35. Rh1 Rxb1 36. Bxb1 h6 37. Kc3 Rb8 38. Bc2 Kd6 39. Rh4 Re8 40.
Be4 Rf8 1/2-1/2

[Event "25th North American Open"]
[Site "Las Vegas"]
[Date "2015.12.30"]
[Round "9"]
[White "Haessel, Dale"]
[Black "Kostadinov, Georgi"]
[Result "1-0"]
[WhiteElo "2262"]
[BlackElo "2067"]
[PlyCount "73"]
[EventDate "2015.12.??"]
[EventType "swiss"]
[EventRounds "9"]
[EventCountry "USA"]
[Source "MonRoi"]

1. d4 d5 2. c4 c6 3. Nf3 Nf6 4. Nc3 a6 5. e3 b5 6. b3 g6 7. Be2 Bg7 8. O-O O-O
9. Bb2 Re8 10. Ne5 Qb6 11. f4 Nbd7 12. g4 Nxe5 13. fxe5 Ne4 14. Nxe4 dxe4 15.
Qc2 f5 16. gxf5 Bxf5 17. a4 Rac8 18. Rf2 e6 19. Bf1 Bh6 20. Qc3 Rb8 21. a5 Qd8
22. Bg2 bxc4 23. bxc4 Rb7 24. Bc1 Qb8 25. Qc2 c5 26. Bxe4 Qd8 27. Rxf5 gxf5 28.
Bxb7 cxd4 29. Kh1 Qc7 30. Qg2+ Kh8 31. exd4 Rg8 32. Qc6 Qg7 33. Bxh6 Qxh6 34.
Qf3 Qd2 35. Rd1 Qxa5 36. d5 Qb6 37. dxe6 1-0